00000000nam##2200000za#4500
0019.574970
003CaOODSP
00520210624184435
007cr |||||||||||
008150406|2005||||xxc|||||o    f|0| 0 eng|d
022 |a1488-5379
040 |aCaOODSP|beng
043 |an-cn---
0861 |aFs97-6/2474E-PDF
1101 |aCanada. |bDepartment of Fisheries and Oceans.
24510|aDistribution and abundance of harbour seals (Phoca vitulina concolor) and grey seals (Halichoerus grypus) in the Estuary and Gulf of St. Lawrence, 1994–2001 / |h[electronic resource]|cby A. Robillard, V. Lesage, and M.O. Hammill.
260 |aMont-Joli - Quebec : |bFisheries and Oceans Canada |cc2005.
300 |a164p.|bfigs., references, tables
4901 |aCanadian technical report of fisheries and aquatic sciences|x1488-5379|vNo. 2474
500 |aThe catalogue number and ISSN for the print edition appear in this electronic version.
590 |a12-37-Supp|b2012-09-24
7201 |aLesage, V.
7201 |aRobillard, A.
7201 |aHammill, M. O.
830#0|aCanadian technical report of fisheries and aquatic sciences,|x1488-5379|vNo. 2474|w(CaOODSP)9.504449
85640|ahttp://publications.gc.ca|qPDF|s5859 KB|uhttps://publications.gc.ca/collections/collection_2012/mpo-dfo/Fs97-6-2474-eng.pdf|yNo. 2474